[Event "GER CupT"]
[Site "Germany"]
[Date "2023.01.28"]
[Round "1.4"]
[White "Powalla, Christian"]
[Black "Schrader, Hans Joachim"]
[Result "1/2-1/2"]
[WhiteElo "1794"]
[BlackElo "1962"]
[PlyCount "93"]
[EventDate "2023.01.28"]
[EventType "team-k.o."]
[EventRounds "4"]
[EventCountry "GER"]
[SourceTitle "EXT 2024"]
[Source "ChessBase"]
[SourceDate "2023.10.10"]
[SourceVersion "1"]
[SourceVersionDate "2023.10.10"]
[SourceQuality "1"]
[WhiteTeam "Kassel Caissa"]
[BlackTeam "Nordhorn Blanke"]
[WhiteTeamCountry "GER"]
[BlackTeamCountry "GER"]

1. e4 c5 2. c3 Nf6 3. e5 Nd5 4. d4 cxd4 5. Nf3 d6 6. Bc4 e6 7. cxd4 Nc6 8. 0-0 Be7 9. Qe2 dxe5 10. dxe5 Nb6 11. Bb3 Qc7 12. Nc3 a6 13. Bf4 Nd7 14. Rac1 Nf8 15. Ne4 Ng6 16. Bg3 0-0 17. h4 Qa5 18. Rxc6 bxc6 19. h5 Nh8 20. Bh4 Bxh4 21. Nxh4 Qxe5 22. f4 Qd4+ 23. Kh1 f5 24. Ng5 Qf6 25. Nxf5 Qxf5 26. Bc2 Nf7 27. Bxf5 exf5 28. Nxf7 Rxf7 29. Qe8+ Rf8 30. Qxc6 Rb8 31. Rf2 Bb7 32. Qe6+ Kh8 33. h6 gxh6 34. Rd2 Rbe8 35. Qxh6 Rf7 36. Qb6 Rg8 37. Rd8 Bxg2+ 38. Kh2 Bb7 39. Qd4+ Rfg7 40. Rxg8+ Kxg8 41. Qd8+ Kf7 42. Qd7+ Kf6 43. Qd6+ Kf7 44. Qc7+ Kg6 45. Qd6+ Kf7 46. Qd7+ Kf6 47. Qd6+ 1/2-1/2

[Event "Main Vogelsberg op 10th"]
[Site "Hanau"]
[Date "2015.05.23"]
[Round "3"]
[White "Schrader, Hans Joachim"]
[Black "Klundt, Klaus"]
[Result "0-1"]
[WhiteElo "1979"]
[BlackElo "2261"]
[PlyCount "50"]
[EventDate "2015.05.22"]
[EventType "swiss"]
[EventRounds "7"]
[EventCountry "GER"]
[SourceTitle "EXT 2016"]
[Source "ChessBase"]
[SourceDate "2015.10.08"]
[SourceVersion "1"]
[SourceVersionDate "2015.10.08"]
[SourceQuality "1"]

1. e4 c5 2. Nf3 Nc6 3. d4 cxd4 4. Nxd4 Qb6 5. Nb3 Nf6 6. Bd3 e6 7. 0-0 Be7 8. Nc3 d6 9. Be3 Qc7 10. f4 a6 11. a4 b6 12. Nd2 0-0 13. Nc4 Rb8 14. Kh1 Nb4 15. Nxd6 Bxd6 16. e5 Be7 17. exf6 Bxf6 18. Be4 Bb7 19. Bxb7 Qxb7 20. f5 Rfe8 21. Qd2 exf5 22. Rxf5 Bxc3 23. Qxc3 Nd5 24. Rxd5 Qxd5 25. Rf1 Rbc8 0-1

[Event "Main Vogelsberg op 10th"]
[Site "Hanau"]
[Date "2015.05.22"]
[Round "1"]
[White "Schrader, Hans Joachim"]
[Black "Sciurti, Domenico"]
[Result "1-0"]
[WhiteElo "1979"]
[BlackElo "1571"]
[PlyCount "67"]
[EventDate "2015.05.22"]
[EventType "swiss"]
[EventRounds "7"]
[EventCountry "GER"]
[SourceTitle "EXT 2016"]
[Source "ChessBase"]
[SourceDate "2015.10.08"]
[SourceVersion "1"]
[SourceVersionDate "2015.10.08"]
[SourceQuality "1"]

1. e4 c5 2. Nf3 Nc6 3. d4 cxd4 4. Nxd4 Nf6 5. Nc3 e5 6. Ndb5 d6 7. Bg5 a6 8. Na3 b5 9. Bxf6 gxf6 10. Nd5 f5 11. exf5 Bxf5 12. c3 Bg7 13. Nc2 Bxc2 14. Qxc2 Ne7 15. Ne3 Qc8 16. Bd3 h6 17. 0-0 Qe6 18. a4 b4 19. cxb4 Rc8 20. Qe2 0-0 21. Bxa6 Rb8 22. Qd2 Kh8 23. Bc4 d5 24. Bxd5 Nxd5 25. Qxd5 Qxd5 26. Nxd5 Rfd8 27. Rfd1 Rd7 28. b5 Rbd8 29. Nc3 e4 30. Rxd7 Rxd7 31. a5 Bd4 32. Rd1 e3 33. Kf1 exf2 34. Ne2 1-0

[Event "Karl Mala Memorial op-A 17th"]
[Site "Frankfurt"]
[Date "2014.08.02"]
[Round "5"]
[White "Moeller, Jeremy"]
[Black "Schrader, Hans Joachim"]
[Result "1-0"]
[WhiteElo "2092"]
[BlackElo "1975"]
[PlyCount "97"]
[EventDate "2014.07.31"]
[EventType "swiss"]
[EventRounds "7"]
[EventCountry "GER"]
[SourceTitle "EXT 2015"]
[Source "ChessBase"]
[SourceDate "2014.11.20"]
[SourceVersion "1"]
[SourceVersionDate "2014.11.20"]
[SourceQuality "1"]

1. e4 c5 2. Nf3 d6 3. d4 cxd4 4. Qxd4 a6 5. Be3 Nc6 6. Qd2 Nf6 7. Nc3 e6 8. 0-0-0 Be7 9. h3 0-0 10. g4 b5 11. g5 Nd7 12. h4 Nb6 13. h5 b4 14. Nb1 g6 15. Nd4 Nxd4 16. Qxd4 Rb8 17. e5 Bxg5 18. Qd2 Bxe3 19. Qxe3 Bb7 20. Rh2 Nd5 21. Qh6 Qd7 22. Bh3 Rfe8 23. f4 Qe7 24. exd6 Qxd6 25. hxg6 Qxf4+ 26. Qxf4 Nxf4 27. gxf7+ Kxf7 28. Bg4 Be4 29. Rd4 Bg6 30. Rxf4+ Kg7 31. Bh5 e5 32. Rg4 Rb6 33. Nd2 a5 34. Nc4 Rc6 35. Re2 Rce6 36. Nxa5 Ra6 37. Nc4 Rxa2 38. Bxg6 hxg6 39. Rxe5 Rd8 40. Kb1 Rda8 41. Kc1 Rd8 42. Ra5 b3 43. cxb3 Rxa5 44. Nxa5 Kh6 45. b4 Kh5 46. Rc4 g5 47. b5 g4 48. b6 g3 49. Rc2 1-0

[Event "Main Vogelsberg op 8th"]
[Site "Hanau"]
[Date "2013.06.02"]
[Round "7"]
[White "Schellen, Sven"]
[Black "Schrader, Hans Joachim"]
[Result "0-1"]
[WhiteElo "1699"]
[BlackElo "1969"]
[PlyCount "170"]
[EventDate "2013.05.30"]
[EventType "swiss"]
[EventRounds "7"]
[EventCountry "GER"]
[SourceTitle "EXT 2014"]
[Source "ChessBase"]
[SourceDate "2013.11.20"]
[SourceVersion "1"]
[SourceVersionDate "2013.11.20"]
[SourceQuality "1"]

1. d4 Nf6 2. c4 e6 3. g3 c5 4. d5 exd5 5. cxd5 d6 6. Bg2 g6 7. b3 Bg7 8. Bb2 0-0 9. Nf3 Re8 10. 0-0 Nbd7 11. Re1 b5 12. Nfd2 Bb7 13. e4 Qb6 14. a4 a6 15. Na3 Ne5 16. Bf1 c4 17. bxc4 b4 18. c5 Qxc5 19. Rc1 Qb6 20. Nac4 Nxc4 21. Nxc4 Qd8 22. f3 Rc8 23. a5 Bf8 24. Bh3 Rb8 25. Nb6 Bg7 26. Qb3 Bh6 27. Rc4 Nxd5 28. Rd1 Nxb6 29. axb6 Qxb6+ 30. Bd4 Qd8 31. Rxb4 Bc6 32. Rxb8 Qxb8 33. Qa3 Bb5 34. Bb2 Qc7 35. Qxd6 Qxd6 36. Rxd6 Be3+ 37. Kg2 f5 38. Bd4 Bxd4 39. Rxd4 fxe4 40. fxe4 Re7 41. Kf3 Rf7+ 42. Ke3 Kg7 43. Rd6 Rc7 44. Rd2 Kf6 45. Kd4 Ke7 46. Kd5 Bd7 47. Bf1 Be6+ 48. Ke5 Rc5+ 49. Kd4 Rc6 50. Rb2 Bc8 51. Bc4 h6 52. e5 a5 53. Kd5 Rc7 54. Rb6 Bb7+ 55. Kd4 Bc6 56. Bd3 g5 57. Bc4 a4 58. Rb8 Be8 59. Ra8 Rd7+ 60. Ke3 Rc7 61. Bd3 Rc5 62. Kd4 Rc7 63. Be4 Rd7+ 64. Ke3 Rc7 65. Ra6 h5 66. Bf5 Rb7 67. Bg6 Bxg6 68. Rxg6 Rb2 69. h4 gxh4 70. gxh4 Rb4 71. Ra6 Rxh4 72. Kf2 Re4 73. Kg2 h4 74. Kh2 Kd7 75. Kh1 Kc7 76. e6 Kb7 77. Ra5 Kb6 78. Ra8 Kb5 79. Rb8+ Kc4 80. Ra8 Kb3 81. Rb8+ Ka3 82. Kh2 Rxe6 83. Kh3 Re4 84. Rb7 Rb4 85. Ra7 Kb2 0-1